Hodnocení finanční situace podniku

Návrh použiteľnej konštelácie verbálneho (kvalitatívneho) a kvantitatívneho prístupu k hodnoteniu finančnej kondície. Analytická štúdia (analytical review) v rámci ktorej audítor posudzuje k akým rozhodnutiam inšpiruje účtovná závierka. Finančné zdravie podniku a jeho hodnotenie. Finančná tieseň pod...

ver descrição completa

Na minha lista:
Detalhes bibliográficos
Autor principal: Grünwald, Rolf
Formato: Capítulo de Livro
Idioma:tcheco
Assuntos:
Tags: Adicionar Tag
Sem tags, seja o primeiro a adicionar uma tag!

MARC

LEADER 00000naa a2200000 4500
001 r015247
005 20221213083334.2
041 0 |a cze 
044 |a CZ 
245 1 0 |a Hodnocení finanční situace podniku  |c Rolf Grünwald 
520 |a Návrh použiteľnej konštelácie verbálneho (kvalitatívneho) a kvantitatívneho prístupu k hodnoteniu finančnej kondície. Analytická štúdia (analytical review) v rámci ktorej audítor posudzuje k akým rozhodnutiam inšpiruje účtovná závierka. Finančné zdravie podniku a jeho hodnotenie. Finančná tieseň podniku. Peňažné toky. 
610 2 0 |a analýza finančná 
610 2 0 |a audítorstvo 
610 2 0 |a cash flow 
610 2 0 |a likvidita 
610 2 0 |a rentabilita podniku 
610 2 0 |a hospodárstvo podniku finančné 
100 1 |a Grünwald, Rolf